A Quiz About Empires - Statistics

General Stats
  • This quiz has been taken 194 times
  • The average score is 9 of 14
Answer Stats
Question Answer % Correct
Which one is the Spanish Empire?
92%
Which country had Stalin as dictator?
90%
Who was the leader of the Japanese Empire?
88%
Who is Gengis Khan in these photos?
86%
Portugal had also one empire. Which one is it?
86%
Which empire lasted from 1299 to 1922?
74%
Which empire invaded Poland in September 1st 1939?
74%
What map represents The Grand Duchy of Lithuania and The Kingdom of Poland
72%
Napoleon I was the emperor of which empire?
72%
Which empire was known by this sentence "the Empire on which the sun never sets"
60%
Which country had never an empire?
56%
Which leader is known to have said this quote "Vini, vidi, vici"
42%
Who was the leader of the German Empire in the First World War?
34%
Which photo represents the Old Kingdom of Egypt?
22%
No matching quizzes found
Score Distribution
Percent of People with Each Score
Percentile by Number Answered
Your Score History
You have not taken this quiz